000 01067naa a22002897a 4500
001 BR6200118
003 BR-BrBNA
005 20240918173237.0
007 ta
008 230509b bl.||||| |||| 00| 0 por d
040 _aBR-BrBNA
_bpor
_cBiblioteca Nacional de Agricultura
041 _a(Pt)
072 _aL73
_b6100
_b4110
_b4150
_bG514
090 _aL73 BR6200118
100 1 _aHipolito, O.
111 1 _a8. Congresso Brasileiro de Veterinaria
_cBelo Horizonte, MG (Brazil)
_d29 Jul 1962
245 1 _aDoencas respiratorias das aves [Frango de corte; Bacteria; Virus; Brasil]
260 3 _aBelo Horizonte, MG (Brasil):
_c1962.
500 _aAnais do 8. Congresso Brasileiro de Veterinaria Belo Horizonte, MG (Brasil): 1962. p. 123-127 (BR6200118-AM)L73
650 _aFRANGO DE CORTE
650 _aBACTERIA
650 _aVIRUS
650 _aAPARELHO RESPIRATORIO
773 0 _tAnais do 8. Congresso Brasileiro de Veterinaria
_wL73 BR6200118
_gBelo Horizonte, MG (Brasil), 1962. p. 123-127
909 _a202404
_bLucia
_c55
_dLucia Elande
942 _cAM
_2AGRIS
999 _c303566
_d303566